00221nam a2200097Ia 4500008004100000041000800041082001200049100002300061245003000084260000900114240625s9999 xx 000 0 und d aeng a425 RAO aRAO A RAMA KRISHNA aENJOYING EVERYDAY ENGLISH c2010